AH International Schools' Libraries

How Droofus the Dragon lost his head / (Record no. 50192)

MARC details
000 -LEADER
fixed length control field 00666nam a2200205 4500
020 ## - INTERNATIONAL STANDARD BOOK NUMBER
International Standard Book Number 0233978356 (pbk) :
Terms of availability £2.95
020 ## - INTERNATIONAL STANDARD BOOK NUMBER
International Standard Book Number 9780395340660
039 0# - LEVEL OF BIBLIOGRAPHIC CONTROL AND CODING DETAIL [OBSOLETE]
Level of rules in bibliographic description 1883
040 ## - CATALOGING SOURCE
Original cataloging agency Uk
Transcribing agency Uk
082 04 - DEWEY DECIMAL CLASSIFICATION NUMBER
Classification number 813/.54
Edition number 19
100 ## - MAIN ENTRY--PERSONAL NAME
Personal name Peet, Bill,
Dates associated with a name 1915-
Fuller form of name author.
9 (RLIN) 87220
245 10 - TITLE STATEMENT
Title How Droofus the Dragon lost his head /
Statement of responsibility, etc written and illustrated by Bill Peet.
260 ## - PUBLICATION, DISTRIBUTION, ETC. (IMPRINT)
Name of publisher, distributor, etc Clarion Books;
Date of publication, distribution, etc 1999.
300 ## - PHYSICAL DESCRIPTION
Extent 46p. :
Other physical details col.ill. ;
Dimensions 24cm.
500 ## - GENERAL NOTE
General note Originally published: Boston [Mass.] : Houghton Mifflin, 1971.
650 ## - SUBJECT ADDED ENTRY--TOPICAL TERM
9 (RLIN) 25258
Topical term or geographic name as entry element Self-acceptance
Form subdivision Fiction.
650 ## - SUBJECT ADDED ENTRY--TOPICAL TERM
9 (RLIN) 17200
Topical term or geographic name as entry element Individuality
Form subdivision Fiction.
650 ## - SUBJECT ADDED ENTRY--TOPICAL TERM
9 (RLIN) 1751
Topical term or geographic name as entry element Humorous stories.
942 ## - ADDED ENTRY ELEMENTS (KOHA)
Source of classification or shelving scheme
Koha item type Book
Holdings
Withdrawn status Lost status Source of classification or shelving scheme Damaged status Not for loan Home library Current library Date acquired Total Checkouts Full call number Barcode Date last seen Date checked out Price effective from Koha item type
          Logos International School Logos International School 02/23/2026 1 E PEE 040855 03/25/2026 03/11/2026 02/23/2026 Book

For any Logos Library related questions please contact Miss Art at swongnarasuk@asianhope.org.

For any Asian Hope Library related questions please contact Miss Raza at graza@asianhope.org.

Click here to explore our ebooks!

Powered by Koha